Patient safety and managing risk in nursing
Saved in:
| Main Author: | |
|---|---|
| Format: | Book |
| Language: | English |
| Published: |
Sage/ Learning Matters
2013
|
| Tags: |
Add Tag
No Tags, Be the first to tag this record!
|
MARC
| LEADER | 00000nam a22000007a 4500 | ||
|---|---|---|---|
| 008 | 210122b ||||| |||| 00| 0 eng d | ||
| 020 | |a 978-1-4462-6688-5 | ||
| 100 | |a FISHER, Melanie. | ||
| 245 | |a Patient safety and managing risk in nursing |c Melanie Fisher and Margaret Scott |e (Transforming nursing practice series) |g - viii, 189p.; ill. | ||
| 260 | |b Sage/ Learning Matters |c 2013 |h London |i 693343 |i 693344 |l R729.8 .F53 |m Medical errors – Prevention. |m Nursing – Risk assessment. |m Patients – Safety measures. |m Medical care – Safety measure. | ||
| 500 | |a “It includes index and references”. | ||
| 942 | |a lcc |c BK |e Adeniran, F. A |f 22/01/2021 | ||
| 952 | |0 0 |1 0 |2 lcc |4 0 |6 R07298 F53 |7 0 |9 1476 |a HOL |b HE |c QZ |d 2021-01-22 |l 0 |o R729.8 .F53 |p 2021-0273 |r 2021-01-22 00:00:00 |w 2021-01-22 |y BK | ||
| 952 | |0 0 |1 0 |2 lcc |4 0 |6 R07298 F53 |7 0 |9 1478 |a HOL |b HOL |c QZ |d 2021-01-22 |l 0 |o R729.8 .F53 |p 2021-0275 |r 2021-01-22 00:00:00 |w 2021-01-22 |y BK | ||
| 999 | |c 763 |d 763 | ||